000 00924nam a22002417a 4500
999 _c12804
_d12804
003 MIRAKIL
005 20190225171901.0
008 190225b tu ||||| |||| 00| 0 tur d
020 _a9789755183749
040 _aTR-AnCHP
_cTR-AnCHP
041 _atur
082 _a330.9561
_bE61t 2015
100 1 _aErcan, Metin.
245 1 0 _aTürkiye küresel büyüme modeli :
_bKüresel ekonomik statükoya teslim olmamak için finans kaynağı önerileri /
_cMetin Ercan.
246 _aKüresel ekonomik statükoya teslim olmamak için finans kaynağı önerileri
260 _aİstanbul :
_bBoğaziçi Üniversitesi,
_c2015.
300 _axvi, 285 s. :
_btbl ;
_c27 sm.
504 _aKaynakça ve dizin vardır.
650 0 _aEkonomik koşullar
_zTürkiye
_95240
650 0 _aEkonomik kalkınma projeleri
_95241
740 _aKüresel ekonomik statükoya teslim olmamak için finans kaynağı önerileri
942 _2ddc
_cBKS